| 000 | 01112nam0a2200301 4500 | ||
|---|---|---|---|
| 001 | RU\NLR\ONL2\3781 | ||
| 005 | 20250613125100.0 | ||
| 010 |
_a5-295-03458-5 _92500 |
||
| 035 | _a(NLR Aleph) 009651379 | ||
| 090 |
_a9573572 _c9573572 |
||
| 100 | _a20050902d2004 |||y0rusy50 ca | ||
| 101 | 0 | _abak | |
| 102 | _aRU | ||
| 105 | _ac ||||||||| | ||
| 200 | 1 |
_aИрэмэлдэ - алтын тамыр _eШигырзар, тэржемэлэр, йырзар, кунелнамэ _fГузэл Fэлиева |
|
| 210 |
_aОфо _cКитап _d2004 |
||
| 215 |
_a198 б. _cпортр. _d17 |
||
| 541 | 1 |
_6z01790 _aЗолотой корень Иремеля _eСтихи, переводы, песни, поэма. _zrus |
|
| 686 | 1 | _aШ6(2=Баш)7-5 | |
| 700 | 1 |
_aFэлиева _bГ. Г. _gГузэл Fабдуллажан kызы _4070 |
|
| 790 | 1 |
_6z01541 _aГалеева _bГ. Г. _gГузель Габдуллажановна _4070 |
|
| 801 | 0 |
_aRU _bNLR _c20050902 _gPSBO |
|
| 852 |
_aNLR _bОНЛ _jБашк./2-4374 |
||
| 942 | _cBOOK | ||
| 980 | _aNB | ||
| 980 | _aONL_RF | ||